| 000 | 00438nam a2200109Ia 4500 | ||
|---|---|---|---|
| 008 | 220620s9999||||xx |||||||||||||| ||und|| | ||
| 245 | 0 | _aRoutledge Companion to Audiences and the Performing Arts | |
| 546 | _aEnglish[eng] | ||
| 650 | _aaudience, performance, theatre, dance, opera, music, history, arts management, cultural policy studies, sociology | ||
| 700 | _aReason, Matthew||Conner, Lynne||Johanson, Katya||Walmsley, Ben | ||
| 942 | _cEB | ||
| 999 |
_c33052 _d33052 |
||